000 00826pam a22002654a 4500
001 43115267
003 OCoLC
005 20150408113724.0
008 991227s2000 flua b 100 0 eng
010 _a99462330
020 _a1584881917 (alk. paper)
040 _aDLC
_cDLC
_dCIN
042 _apcc
050 0 0 _aQA374
_b.I59 2000
082 0 0 _a515.35
_221
245 0 0 _aInverse problems and related topics /
_cG. Nakamura ... [et al.], (editors)
260 _aBoca Raton
_bChapman & Hall/CRC,
_cc2000.
300 _avii, 233 p.
_bill. ;
_c24 cm.1
440 _aChapman & Hall/CRC research notes in mathematics
_v419
_94430
490 _v419.
650 _aInverse problems (Differential equations)
_vCongresses.1
_94431
700 _d1928-
_aNakamura, Gisaku,-
_94432
830 _v419.\\
_94433
942 _2ddc
_cDVD
999 _c972
_d235472